| 000 | 00986naa a2200265 c 4500 | ||
|---|---|---|---|
| 001 | 47558 | ||
| 003 | ES-MaCES | ||
| 005 | 20160426133604.0 | ||
| 008 | 160426s2016 sp ||||| t||||||| ||spa d | ||
| 040 |
_aES-MaCES _bspa _cES-MaCES _dES-MaCES |
||
| 100 | 1 |
_936819 _aRubio, Diego |
|
| 245 | 1 | 1 |
_a"Eppur si muove". Talento español en el siglo XXI _cDiego Rubio |
| 650 | 4 |
_928626 _aéxodo de talentos |
|
| 650 | 4 |
_928629 _aemigración |
|
| 650 | 4 |
_929805 _amigración internacional |
|
| 650 | 4 |
_927447 _apensamiento creador |
|
| 650 | 4 |
_928230 _ainnovación |
|
| 650 | 4 |
_930749 _aprofesional especializado |
|
| 650 | 4 |
_928474 _acientífico |
|
| 650 | 4 |
_928522 _ajuventud |
|
| 653 | 1 | 0 | _aCiencias Sociales-Políticas |
| 773 | 0 |
_984264 _dMadrid (Padilla, 6, 28006) Estudios de Política Exterior _o087166 _tPolítica exterior _w(ES-MaCES)25128 _gvol. 30, n. 170 (marzo-abr. 2016) {10110 R. 087166} ;p. 118-128 |
|
| 902 | _aART Artículo de revista | ||
| 942 |
_2CES _cAR _h7.0. |
||
| 999 |
_c47558 _d47558 |
||